000 00421nam a2200181Ia 4500
005 20250423100106.0
008 250422s9999 xx 000 0 und d
020 _a0316984671
050 _aRC 732 .Z33/
100 _aZagelbaum, Gary L.
245 0 _aManual of acute respiratory care
260 _aBoston
260 _bA Little Brown
260 _c1982
300 _a300 p
650 _aAccounting
942 _cBK
999 _c32260
_d32260